000
00390nam a2200157 a 4500
005
20140414131915.0
008
100902s19uu xx 00 eng d
050
_a
FIC
_b
W72 2002
100
_a
Windham, Ryder
245
_a
Rescue in the core :
_b
Episode 1.
260
_a
New York :
_b
Scholastic ,
_c
2002.
440
_a
Star wars
999
_c
111412
_d
111412